El Talismán / (Record no. 139329)

MARC details
000 -LEADER
campo de control de longitud fija 00711nam a2200217 4500
001 - NÚMERO DE CONTROL
campo de control 139329
003 - IDENTIFICADOR DE NÚMERO DE CONTROL
campo de control ES-MaACL
005 - FECHA Y HORA DE LA ÚLTIMA TRANSACCIÓN
campo de control 20251003063128.0
007 - CAMPO FIJO DE DESCRIPCIÓN FÍSICA--INFORMACIÓN GENERAL
campo de control de longitud fija t|
008 - DATOS DE LONGITUD FIJA--INFORMACIÓN GENERAL
campo de control de longitud fija 070214s1942 sp r ||||1| spa d
100 1# - ENTRADA PRINCIPAL--NOMBRE DE PERSONA
Nombre de persona Scott, Walter,
Títulos y otros términos asociados al nombre Sir,
Fechas asociadas al nombre 1771-1832
9 (RLIN) 104957
245 13 - MENCIÓN DEL TÍTULO
Título El Talismán /
Mención de responsabilidad, etc. Walter Scott ; traducción de Luis Jordá; ilustraciones de Federico Lloveras.
260 ## - PUBLICACIÓN, DISTRIBUCIÓN, ETC.
Lugar de publicación, distribución, etc. Barcelona :
Nombre del editor, distribuidor, etc. Iberia-Joaquín Gil,
Fecha de publicación, distribución, etc. 1942.
300 ## - DESCRIPCIÓN FÍSICA
Extensión 437 p., 28 lám. :
Otras características físicas il. ;
Dimensiones 20 cm.
490 1# - MENCIÓN DE SERIE
Mención de serie La veleta
700 1# - ENTRADA AGREGADA--NOMBRE PERSONAL
Nombre de persona Jordá, Luis.
9 (RLIN) 66897
700 1# - ENTRADA AGREGADA--NOMBRE PERSONAL
Nombre de persona Lloveras, Frederic (
Fechas asociadas al nombre 1912-1983)
9 (RLIN) 72936
830 0# - PUNTO DE ACCESO ADICIONAL DE SERIE-TÍTULO UNIFORME
Título uniforme La veleta
9 (RLIN) 178640
852 ## - LOCALIZACIÓN
Ubicación ES-MaACL
Número de control de estantería F-4871
Sublocalización o colección R.20355
Holdings
Estatus retirado Estado de pérdida Estado de daño No para préstamo Biblioteca de origen Biblioteca actual Ubicación en estantería Fecha de adquisición Fuente de adquisición Total de préstamos Signatura topográfica completa Código de barras Visto por última vez Precio de reemplazo Tipo de ítem Koha
        Biblioteca del Ateneo de Madrid Biblioteca del Ateneo de Madrid Depósito 2 17/01/2008     F-4871 1144994 23/02/2023 23/02/2023 Libro impreso